<?xml version="1.0" encoding="UTF-8"?><?xml-stylesheet type="text/xsl" href="static/style.xsl"?><OAI-PMH xmlns="http://www.openarchives.org/OAI/2.0/" xmlns:xsi="http://www.w3.org/2001/XMLSchema-instance" xsi:schemaLocation="http://www.openarchives.org/OAI/2.0/ http://www.openarchives.org/OAI/2.0/OAI-PMH.xsd"><responseDate>2026-05-17T02:03:47Z</responseDate><request verb="GetRecord" identifier="oai:repisalud.isciii.es:20.500.12105/19376" metadataPrefix="marc">https://repisalud.isciii.es/rest/oai/request</request><GetRecord><record><header><identifier>oai:repisalud.isciii.es:20.500.12105/19376</identifier><datestamp>2025-06-25T12:36:35Z</datestamp><setSpec>com_20.500.12105_16583</setSpec><setSpec>com_20.500.12105_5570</setSpec><setSpec>com_20.500.12105_2404</setSpec><setSpec>com_20.500.12105_2403</setSpec><setSpec>col_20.500.12105_19321</setSpec></header><metadata><record xmlns="http://www.loc.gov/MARC21/slim" xmlns:dcterms="http://purl.org/dc/terms/" xmlns:doc="http://www.lyncode.com/xoai" xmlns:xsi="http://www.w3.org/2001/XMLSchema-instance" xsi:schemaLocation="http://www.loc.gov/MARC21/slim http://www.loc.gov/standards/marcxml/schema/MARC21slim.xsd">
   <leader>00925njm 22002777a 4500</leader>
   <datafield ind2=" " ind1=" " tag="042">
      <subfield code="a">dc</subfield>
   </datafield>
   <datafield ind2=" " ind1=" " tag="720">
      <subfield code="a">Peñaloza-López, Yolanda R.</subfield>
      <subfield code="e">author</subfield>
   </datafield>
   <datafield ind2=" " ind1=" " tag="720">
      <subfield code="a">Loera-González, Ma. de los Angeles</subfield>
      <subfield code="e">author</subfield>
   </datafield>
   <datafield ind2=" " ind1=" " tag="720">
      <subfield code="a">García-Pedroza, Felipe</subfield>
      <subfield code="e">author</subfield>
   </datafield>
   <datafield ind2=" " ind1=" " tag="720">
      <subfield code="a">Poblano, Adrián</subfield>
      <subfield code="e">author</subfield>
   </datafield>
   <datafield ind2=" " ind1=" " tag="260">
      <subfield code="c">2023</subfield>
   </datafield>
   <datafield ind2=" " ind1=" " tag="520">
      <subfield code="a">[ES] Introducción: La sinaptopatía coclear por exposición a ruido (SCER) es definida como una alteración funcional transitoria o permanente de las sinapsis en cinta de las células pilosas internas de la cóclea. Este artículo tiene el objetivo de comentar la utilidad de la identificación temprana de la pérdida auditiva oculta por SCER basado en marcadores audiológicos y en la metodología usada en grupos clínicos para su búsqueda. Método: Revisión de la literatura relacionada en bases científicas y la narración descriptiva de los resultados. Resultados: La  SCER  produce  una  pérdida  auditiva  oculta  en  pacientes  con  audiograma  normal,  principalmente  obreros o individuos expuestos a niveles de ruido intenso. Los principales estudios de identificación de la SCER han sido realizados principalmente en estudiantes universitarios o en músicos. Conclusiones: Son necesarios ajustes en la política de salud auditiva para una amplia identificación temprana de la SCER en las poblaciones en riesgo para la pérdida auditiva oculta y luchar por una regulación del daño. [EN] Introduction: Cochlear synaptopathy after noise exposure (CSNE) is defined as the transient or permanent functional damage to the ribbon synapsis of the inner hair cells of the cochlea. This article has the objective of comment the usefulness of early identification of the hidden hearing loss after CSNE based on audiological markers and in changes in the clinical methodology in clinical groups for its searching. Method: Review of related literature in scientific databases and narrative description of results. Results: CSNE results in a hidden hearing loss in patients with normal pitch audiogram, mainly workers or indi-viduals exposed to high noise levels. The main studies of identification have been performed mainly in groups of students from college or musicians. Conclusions: Is necessary adjustments in hearing health policy for an wide early identification of CSNE in at risk populations for the identification of the hidden hearing loss and fight for its damage regulation</subfield>
   </datafield>
   <datafield ind1="8" ind2=" " tag="024">
      <subfield code="a">Peñaloza-López YR,  Loera-González MA, García-Pedroza F, Poblano A. Hidden Hearing Loss, Cochlear Synaptopathy and Occupational Noise. Med Segur Trab (Internet). 2023;69(272):187-194</subfield>
   </datafield>
   <datafield ind1="8" ind2=" " tag="024">
      <subfield code="a">10.4321/s0465-546x2023000300005</subfield>
   </datafield>
   <datafield ind1="8" ind2=" " tag="024">
      <subfield code="a">0465-546X</subfield>
   </datafield>
   <datafield ind1="8" ind2=" " tag="024">
      <subfield code="a">1989-7790</subfield>
   </datafield>
   <datafield ind1="8" ind2=" " tag="024">
      <subfield code="a">Medicina y Seguridad del Trabajo</subfield>
   </datafield>
   <datafield ind1="8" ind2=" " tag="024">
      <subfield code="a">http://hdl.handle.net/20.500.12105/19376</subfield>
   </datafield>
   <datafield tag="653" ind2=" " ind1=" ">
      <subfield code="a">Pérdida auditiva oculta</subfield>
   </datafield>
   <datafield tag="653" ind2=" " ind1=" ">
      <subfield code="a">Sinaptopatía coclear</subfield>
   </datafield>
   <datafield tag="653" ind2=" " ind1=" ">
      <subfield code="a">Ruido ocupacional</subfield>
   </datafield>
   <datafield ind2="0" ind1="0" tag="245">
      <subfield code="a">Hidden Hearing Loss, Cochlear Synaptopathy and Occupational Noise</subfield>
   </datafield>
</record></metadata></record></GetRecord></OAI-PMH>